Sharjah Art Foundation Library
Normal view MARC view

Entry Genre/Form Term

Number of records used in: 1

001 - CONTROL NUMBER

  • control field: 9342

003 - CONTROL NUMBER IDENTIFIER

  • control field: OSt

005 - DATE AND TIME OF LATEST TRANSACTION

  • control field: 20260427122532.0

008 - FIXED-LENGTH DATA ELEMENTS

  • fixed length control field: 260427|| aca||aabn | a|a d

040 ## - CATALOGING SOURCE

  • Original cataloging agency: OSt
  • Transcribing agency: OSt

155 ## - HEADING--GENRE/FORM TERM

  • Genre/form term: Illustrated volume

670 ## - SOURCE DATA FOUND

  • Source citation: Work cat.: (OSt)6518: I am a creature of the tides : what am I? = He iʻa wau : e kuailo mai i kuʻu inoa!/ , 2015

Copyright © 2022. Sharjah Art Foundation. All Rights Reserved.